00482nam a2200193Ia 4500003000400000005001700004008004100021020001400062040000700076041000800083082002100091100001900112245005300131260004100184300000800225365000800233650003100241650001600272OSt20230511115131.0210423s1979 xx 000 0 und d a710001231 cAL aeng a361.3 223bJONR aJONES (Howard) aResidential community: a setting for social work aLondonbRoutledge & Kegan Paulc1979 a145 cINR aSocial Problems & Services aSocial Work